The UK economy : (Record no. 184612)

000 -LEADER
fixed length control field 01260 a2200313 4500
003 - CONTROL NUMBER IDENTIFIER
control field Nust
005 - DATE AND TIME OF LATEST TRANSACTION
control field 20221222092502.0
010 ## - LIBRARY OF CONGRESS CONTROL NUMBER
LC control number 96018539
020 ## - INTERNATIONAL STANDARD BOOK NUMBER
International Standard Book Number 029778993
020 ## - INTERNATIONAL STANDARD BOOK NUMBER
International Standard Book Number 0297789961
040 ## - CATALOGING SOURCE
Transcribing agency Nust
082 00 - DEWEY DECIMAL CLASSIFICATION NUMBER
Classification number 330.942,PRE
245 04 - TITLE STATEMENT
Title The UK economy :
Remainder of title a manual of applied economics /
246 3# - VARYING FORM OF TITLE
Title proper/short title U.K. economy
246 3# - VARYING FORM OF TITLE
Title proper/short title United Kingdom economy
250 ## - EDITION STATEMENT
Edition statement 11th ed. /
Remainder of edition statement edited by M. J. Artis.
260 ## - PUBLICATION, DISTRIBUTION, ETC.
Place of publication, distribution, etc. Oxford ;
-- New York :
Name of publisher, distributor, etc. Oxford University Press,
Date of publication, distribution, etc. 1996.
300 ## - PHYSICAL DESCRIPTION
Extent xviii, 366 p. :
Other physical details ill. ;
Dimensions 25 cm
505 ## - FORMATTED CONTENTS NOTE
Formatted contents note The economy as a whole (Page-1), Money and finance (Page-66), Foreign trade and the balance of payments (Page-130), Industry (Page-203), Labour (Page-266).
650 #0 - SUBJECT ADDED ENTRY--TOPICAL TERM
Topical term or geographic name entry element Economic history
Chronological subdivision 1945-
9 (RLIN) 105597
650 #0 - SUBJECT ADDED ENTRY--TOPICAL TERM
Topical term or geographic name entry element Finance
Geographic subdivision Great Britain.
9 (RLIN) 105598
651 #0 - SUBJECT ADDED ENTRY--GEOGRAPHIC NAME
Geographic name Great Britain
General subdivision Economic conditions
Chronological subdivision 1964-1979.
9 (RLIN) 105599
651 #0 - SUBJECT ADDED ENTRY--GEOGRAPHIC NAME
Geographic name Great Britain
General subdivision Economic conditions
Chronological subdivision 1979-1997.
9 (RLIN) 105600
651 #0 - SUBJECT ADDED ENTRY--GEOGRAPHIC NAME
Geographic name Great Britain
General subdivision Economic policy
Chronological subdivision 1964-1979.
9 (RLIN) 105601
651 #0 - SUBJECT ADDED ENTRY--GEOGRAPHIC NAME
Geographic name Great Britain
General subdivision Economic policy
Chronological subdivision 1979-1997.
9 (RLIN) 105602
700 1# - ADDED ENTRY--PERSONAL NAME
Personal name Artis, Michael J.
9 (RLIN) 105603
856 42 - ELECTRONIC LOCATION AND ACCESS
Materials specified Publisher description
Uniform Resource Identifier <a href="http://www.loc.gov/catdir/enhancements/fy0635/96018539-d.html">http://www.loc.gov/catdir/enhancements/fy0635/96018539-d.html</a>
942 ## - ADDED ENTRY ELEMENTS (KOHA)
Source of classification or shelving scheme
Koha item type Book
Call number prefix 330.942,PRE
Holdings
Withdrawn status Lost status Source of classification or shelving scheme Damaged status Not for loan Permanent Location Current Location Shelving location Date acquired Full call number Barcode Date last seen Price effective from Koha item type Public note
          Military College of Signals (MCS) Military College of Signals (MCS) General Stacks 12/12/2016 330.942,PRE MCS3434 12/08/2016 12/12/2016 Book Almirah No.50, Shelf No.2
© 2023 Central Library, National University of Sciences and Technology. All Rights Reserved.